Effectif du FC Nantes 2018-19 - Statistiques

Statistiques générales
  • Ce quiz a été pris 22 fois
  • Le résultat moyen est 14 sur 31
Statistiques - réponses
Hint Réponse % Correct
DC Diego Carlos
86%
DC Nicolas Pallois
79%
MC Valentin Rongier
79%
MDC Abdoulaye Touré
71%
G Ciprian Tatarusanu
71%
BU Kalifa Coulibaly
71%
DG Lucas Lima
71%
G Maxime Dupé
71%
MDC Andrei Girotto
64%
DG Charles Traoré
57%
G Alexandre Olliero
50%
MG Anthony Limbombe
50%
MOC Gabriel Boschilia
50%
BU Majeed Waris
50%
G Quentin Braat
50%
MDC Samuel Moutoussamy
50%
DD Fabio
43%
MC Lucas Evangelista
43%
BU Randal Kolo Muani
43%
MG Imran Louza
36%
DC Thomas Basila
36%
DC Edgar Ié
29%
DD Enock Kwateng
29%
MDC René Khrin
29%
BU Antonio Mance
21%
AG Valentin Esseyric
21%
MG Abdoulaye Dabo
14%
DC Batista Mendy
14%
AG Joris Kayembe
14%
DC Anthony Walongwa
7%
AG Elie Youan
7%
Aucun quiz correspondant
Distribution des résultats
% des personnes avec chaque résultat
Percentile par nombre de réponses
Votre historique - résultats
Vous n’avez pas pris ce quiz